02477agaaa2200289 45000010005000000030009000050050017000140070009000310080040000400400023000800410013001031000045001161300040001612450219002012500022004202600124004423000033005665080080005995201157006795380016018365460013018526500075018657000060019407000057020007000070020577000060021275119IT-RoPAU20220918181253.0d cvaizq50131s9999||||xx ||| | || ||und|| aIT-RoPAUcIT-RoPAU aITALIANO aDamato MinogCodice regista SPICS: 29708 aSINDONE (LA)-INDAGINE SU UN MISTERO aSINDONE (LA)-INDAGINE SU UN MISTEROcProdotto da: Cinestudio 80 -- Sceneggiatura: Damato Mino Giordano Gabriele -- Diretto da: Damato MinopSINDONE (LA)-INDAGINE SU UN MISTERO (Rif. Codice opera principale : 85119) aEdizione Standard aROMA (ITALIA)bSAMPAOLO FILM AUDIOVISIVI / Distribuzione: MASTER VIDEOg"1985 (1° ed.: 1985 ; Ed. Lingua Orig.: 1985)" aVHSbsonoro, col.c28 minuti a"Musica: Vitalini Alberico; Sceneggiatura: Damato Mino Giordano Gabriele; " aQUESTO DOCUMENTARIO PRESENTA LA PIU' COMPLETA INDAGINE FILMATA SUL MISTERODELLA SACRA SINDONE DOVE VICENDE DI VENTI SECOLI FA SI LEGANO ALLE CRONACHE SCIENTIFICHE DEI NOSTRI GIORNI AVVALENDOSI TRA L'ALTRO DI RICOSTRUZIONI ELABORATE AL COMPUTER ALL'UNIVERSITA' DELLA VIRGINIA NEGLI STATI UNITI DOVE INFORMAZIONI TRIDIMENSIONALI PERMETTONO DI IDENTIFICARE IL CORPO DELL'UOMOCHE E' STATO AVVOLTO NEL MISTERIOSO LENZUOLO QUESTO DOCUMENTARIO SI PRESENTA COME UNA PROPOSTA DI RIFLESSIONE NELLA SCUOLA E NELLA CATECHESI RACCOGLIENDO E UNENDO DOMANDE SCIENTIFICHE A DOMANDE DI FEDE DOVE LA FEDE PUO' ESSERE AIUTATA NELLA SUA ADESIONE AL MISTERO DELLA MORTE DI CRISTO E DELLA REDENZIONE DELL'UOMO DOCUMENTARIO A COLORI SACRA SINDONE PER DISPOSIZIONE TESTAMENTARIA DI UMBERTO DI SAVOIA E' DONATA ALLA SANTA SEDE PERCORSO STORICO DELLA SINDONE DAL SEPOLCRO DI GERUSALEMME ALLA CAPPELLA REALE DI TORINO PROVADELLA MONETA SULL'OCCHIO DESTRO DELL'UOMO AVVOLTO NEL LINO STUDIO COMPARATO DELLA STORIA DELL'ARTE E DELL'ICONOGRAFIA DI GESU' RAPPORTATI ALL'IMMAGINE SINDONICA STUDIO DEI POLLINI SUL LINO DELLA SINDONE: RICERCA SCIENTIFICA A SOSTEGNO DELLA RICERCA STORICA aPAL, STEREO aITALIANO aDOCUMENTARIOeTV-PROGRAMMI RELIGIOSI [VHS]xCodice MATERIA SPICS: 9963 aBranchesi M. e(soggetto)gCodice Soggetto SPICS: 29710 aDamato Mino e(regista)gCodice regista SPICS: 29708 aGiordano Gabrielee(regista)gCodice secondo regista SPICS: 29711 aVitalini Albericoe(musica)gCodice Musica SPICS: 11335